[Event "OLNO 2324 SC Empor Potsdam - SV Empor Be"]
[Site "?"]
[Date "2024.01.14"]
[Round "4.7"]
[White "Jahn, Thomas"]
[Black "Piersig, Hans-Juergen"]
[Result "1-0"]
[WhiteElo "2188"]
[BlackElo "2100"]
[PlyCount "49"]
[EventDate "2024.??.??"]

1. e4 e6 2. d4 d5 3. Nc3 Bb4 4. e5 c5 5. a3 Bxc3+ 6. bxc3 Ne7 7. Nf3 Bd7 8. h4 Qa5 9. Bd2 Nbc6 10. c4 Qc7 11. cxd5 Nxd5 12. c3 f6 13. Bd3 O-O-O 14. Qe2 fxe5 15. dxe5 h6 16. h5 Rhf8 17. Rh4 Nde7 18. Rb1 Kb8 19. Be3 Qa5 20. Rc4 Bc8 21. Rxc5 Qxa3 22. Be4 Ka8 23. Qb5 Rd5 24. Bxd5 exd5 25. Nd4 1-0

[Event "OLNO 2324 SC Empor Potsdam - SV Empor Be"]
[Site "?"]
[Date "2024.01.14"]
[Round "4.8"]
[White "Puhlmann, Rainer"]
[Black "Kuebler, Marcus"]
[Result "1/2-1/2"]
[WhiteElo "2091"]
[BlackElo "1918"]
[PlyCount "103"]
[EventDate "2024.??.??"]

1. Nf3 Nf6 2. c4 g6 3. Nc3 Bg7 4. g3 O-O 5. Bg2 c5 6. O-O Nc6 7. d4 d6 8. d5 Na5 9. Nd2 a6 10. Qc2 Rb8 11. a4 Bd7 12. b3 Qb6 13. Bb2 Rfc8 14. Rfe1 Bh6 15. e3 Qd8 16. Bf1 Bg7 17. h3 e6 18. dxe6 Bxe6 19. Rad1 Qe7 20. Bg2 Nc6 21. Nce4 Bf5 22. Nxf6+ Qxf6 23. Bxf6 Bxc2 24. Rc1 Bxf6 25. Bxc6 Rxc6 26. Rxc2 b5 27. axb5 axb5 28. Ne4 Be7 29. Nc3 bxc4 30. bxc4 Ra6 31. Nb5 Rb7 32. Rd1 f5 33. Kg2 Kf7 34. Kf3 Ke6 35. Rd3 Bf6 36. Ra3 Rxa3 37. Nxa3 Rb4 38. Nb5 Rb3 39. Rd2 Be7 40. Nc7+ Kd7 41. Nd5 Bd8 42. Ra2 Rb7 43. Ra8 h6 44. h4 Rb2 45. Ra7+ Kc6 46. Ra8 Kd7 47. Ra4 Rc2 48. Nf4 g5 49. hxg5 hxg5 50. Nd3 Rd2 51. Ra3 Rc2 52. Ra4 1/2-1/2

[Event "OLNO 2324 SG Güstrow-Teterow - SK Köni"]
[Site "?"]
[Date "2024.01.14"]
[Round "4.1"]
[White "Bruedigam, Martin"]
[Black "Von Alvensleben, Wolfram"]
[Result "1-0"]
[WhiteElo "2364"]
[BlackElo "2255"]
[PlyCount "115"]
[EventDate "2024.??.??"]

1. e4 c6 2. d4 d5 3. exd5 cxd5 4. Bd3 Nc6 5. c3 Nf6 6. Bf4 Bg4 7. Nf3 e6 8. Nbd2 Bd6 9. Bxd6 Qxd6 10. O-O O-O 11. Qe1 Bf5 12. Ne5 Bxd3 13. Nxd3 Rac8 14. Nf3 Ne4 15. Nfe5 Nxe5 16. Nxe5 Rc7 17. Qe3 Qe7 18. Rad1 Nd6 19. Nd3 a5 20. Rfe1 Rfc8 21. Qe2 Qf6 22. h3 g6 23. Rc1 b6 24. Qd1 Qg5 25. Rb1 Nc4 26. Re2 Qf5 27. Rc1 h5 28. Rcc2 Qg5 29. Re1 a4 30. a3 b5 31. Rce2 Qf5 32. Kh2 Kg7 33. Kg1 Qg5 34. g3 Qf6 35. Kg2 Rc6 36. Nb4 R6c7 37. Nd3 Rc6 38. h4 Qf5 39. Ne5 Nxe5 40. Rxe5 Qf6 41. R5e3 Rc4 42. Qd2 Qd8 43. Rf3 R8c7 44. Qf4 R4c6 45. Re5 Rb7 46. Kh3 Qe7 47. Kg2 Rc8 48. Re2 Kh7 49. Kg1 Qc7 50. Re5 Qe7 51. Kf1 Kg7 52. Re1 Kg8 53. Ree3 Kg7 54. Qe5+ Kg8 55. Rf6 Qc7 56. Qg5 Re8 57. Rxg6+ fxg6 58. Qxg6+ 1-0

[Event "OLNO 2324 SG Güstrow-Teterow - SK Köni"]
[Site "?"]
[Date "2024.01.14"]
[Round "4.2"]
[White "Seiler, Dirk"]
[Black "Rietze, Clemens"]
[Result "0-1"]
[WhiteElo "2133"]
[BlackElo "2341"]
[PlyCount "56"]
[EventDate "2024.??.??"]

1. d4 d5 2. c4 e6 3. Nc3 Bb4 4. Nf3 Nf6 5. Bg5 dxc4 6. e3 b5 7. a4 c6 8. Ne5 Bb7 9. Be2 Qc8 10. O-O Bxc3 11. bxc3 Ne4 12. Bh4 Nxc3 13. Qc2 Nxe2+ 14. Qxe2 O-O 15. Qh5 f6 16. Nf3 Nd7 17. axb5 g6 18. Qg4 cxb5 19. Qxe6+ Rf7 20. Rfb1 a6 21. Bg3 Qc6 22. Qg4 Nb6 23. h4 Qe4 24. Bf4 c3 25. Qg3 c2 26. Rc1 b4 27. Nd2 Qd3 28. d5 Bxd5 0-1

[Event "OLNO 2324 SG Güstrow-Teterow - SK Köni"]
[Site "?"]
[Date "2024.01.14"]
[Round "4.3"]
[White "Rabiega, Robert"]
[Black "Luther, Alexander"]
[Result "1-0"]
[WhiteElo "2460"]
[BlackElo "2077"]
[PlyCount "49"]
[EventDate "2024.??.??"]

1. e4 c5 2. c3 Nf6 3. e5 Nd5 4. Nf3 e6 5. Bc4 d6 6. d4 cxd4 7. cxd4 Nc6 8. Qe2 Be7 9. O-O O-O 10. Re1 Bd7 11. Qe4 Ncb4 12. a3 Nb6 13. Bb3 N4d5 14. Nbd2 Rc8 15. Qg4 Ba4 16. Bxa4 Nxa4 17. Ne4 Kh8 18. h4 dxe5 19. dxe5 Qb6 20. Neg5 Rc2 21. Rf1 Nc5 22. b4 f5 23. Qh5 h6 24. bxc5 Bxc5 25. Qg6 1-0

[Event "OLNO 2324 SG Güstrow-Teterow - SK Köni"]
[Site "?"]
[Date "2024.01.14"]
[Round "4.4"]
[White "Kiel, Bernd"]
[Black "Richter, Michael"]
[Result "0-1"]
[WhiteElo "1999"]
[BlackElo "2430"]
[PlyCount "72"]
[EventDate "2024.??.??"]

1. e4 e6 2. d4 d5 3. e5 c5 4. c3 Nc6 5. Nf3 Bd7 6. Bd3 cxd4 7. cxd4 Qb6 8. O-O Nxd4 9. Nbd2 Nc6 10. Nb3 Nge7 11. Be3 Qc7 12. Rc1 Ng6 13. Nc5 Rd8 14. Re1 Be7 15. b4 Qb8 16. b5 Ncxe5 17. Nxe5 Nxe5 18. Bf4 Bd6 19. Nxb7 Qxb7 20. Bxe5 Bxe5 21. Rxe5 Rc8 22. Rxc8+ Qxc8 23. g3 O-O 24. Rh5 f5 25. Rh4 Qc3 26. Bf1 Qc5 27. a4 e5 28. Qb3 Be6 29. a5 e4 30. Kg2 Bf7 31. Rf4 d4 32. Qb2 g5 33. Rxf5 Qxf5 34. Qxd4 Bd5 35. Kg1 e3 36. f4 Qe4 0-1

[Event "OLNO 2324 SG Güstrow-Teterow - SK Köni"]
[Site "?"]
[Date "2024.01.14"]
[Round "4.5"]
[White "Sarbok, Torsten"]
[Black "Scharf, Christian"]
[Result "1/2-1/2"]
[WhiteElo "2332"]
[BlackElo "1557"]
[PlyCount "109"]
[EventDate "2024.??.??"]

1. e4 c5 2. Nf3 d6 3. c3 Nf6 4. h3 g6 5. Bd3 Bg7 6. O-O O-O 7. Bc2 e5 8. d4 cxd4 9. cxd4 exd4 10. Nxd4 d5 11. exd5 Nxd5 12. Bb3 Nc6 13. Nxc6 bxc6 14. Nd2 Nf4 15. Qf3 Qc7 16. Ne4 Nd5 17. Bd2 Bf5 18. Nc3 Nxc3 19. Bxc3 Rfd8 20. Rfd1 Rxd1+ 21. Rxd1 Re8 22. Bxg7 Kxg7 23. Qc3+ Kg8 24. Qf6 c5 25. Bc4 Qe7 26. Qxe7 Rxe7 27. Kf1 Rd7 28. Ke1 Rxd1+ 29. Kxd1 Kf8 30. Kd2 Ke7 31. Kc3 f6 32. Bg8 h6 33. a3 Kd6 34. Bh7 Ke7 35. h4 h5 36. Bg8 Kd6 37. Kc4 g5 38. g3 gxh4 39. gxh4 Bg4 40. Kd3 Ke5 41. Ke3 f5 42. f4+ Kd6 43. Kd3 Kc6 44. Bc4 Bf3 45. Kc3 Bg4 46. Bf1 Bf3 47. Bd3 Bg4 48. Kc4 Bh3 49. b4 cxb4 50. axb4 Bg4 51. Kd4 Kd6 52. Bc4 Bf3 53. Bd3 Bg4 54. Kc4 Kc6 55. Kd4 1/2-1/2

[Event "OLNO 2324 SG Güstrow-Teterow - SK Köni"]
[Site "?"]
[Date "2024.01.14"]
[Round "4.6"]
[White "Gebert-Vangeel, Ralf"]
[Black "Von Herman, Ulf"]
[Result "0-1"]
[WhiteElo "1988"]
[BlackElo "2300"]
[PlyCount "64"]
[EventDate "2024.??.??"]

1. e4 c5 2. c3 e6 3. Nf3 d5 4. exd5 exd5 5. d4 Nc6 6. Be2 Bd6 7. O-O Nge7 8. dxc5 Bxc5 9. Bf4 O-O 10. Nbd2 Nf5 11. Qc2 h6 12. Bd3 Qf6 13. Rae1 Bb6 14. Ne5 Nfd4 15. cxd4 Nxd4 16. Qd1 Qxf4 17. Ndf3 Nxf3+ 18. Nxf3 Bg4 19. Re7 Qf6 20. Rfe1 Be6 21. Rxb7 Qxb2 22. Kh1 Rac8 23. Bb1 Rc3 24. Nd2 Rfc8 25. Nb3 Qxf2 26. Rf1 Qh4 27. Qe2 Qc4 28. Qd1 Qc6 29. Re7 Qd6 30. Rb7 g6 31. Qd2 Be3 32. Qe2 d4 0-1

[Event "OLNO 2324 SG Güstrow-Teterow - SK Köni"]
[Site "?"]
[Date "2024.01.14"]
[Round "4.7"]
[White "Acikel, Mert"]
[Black "Dettmann, Gerd"]
[Result "1-0"]
[WhiteElo "2237"]
[BlackElo "2112"]
[PlyCount "47"]
[EventDate "2024.??.??"]

1. e4 c5 2. Nf3 d6 3. Bb5+ Nd7 4. c4 g6 5. Nc3 Bg7 6. d3 Ngf6 7. h3 O-O 8. Be3 Ne8 9. Ba4 Nc7 10. O-O Ne6 11. Rb1 Nd4 12. Bxd4 cxd4 13. Nb5 Qb6 14. b4 a6 15. Na3 e5 16. Qc2 Qc7 17. Qb2 Re8 18. Rfc1 Bh6 19. Rc2 b6 20. Bb3 Bf8 21. c5 Be7 22. Bd5 Rb8 23. cxd6 Qxd6 24. Rc6 1-0

[Event "OLNO 2324 SG Güstrow-Teterow - SK Köni"]
[Site "?"]
[Date "2024.01.14"]
[Round "4.8"]
[White "Waschk, Armin"]
[Black "Dimitrijeski, Kristian"]
[Result "0-1"]
[WhiteElo "2115"]
[BlackElo "2111"]
[PlyCount "112"]
[EventDate "2024.??.??"]

1. e4 e5 2. d4 exd4 3. Qxd4 Nc6 4. Qe3 Nf6 5. Nc3 Bb4 6. Bd2 O-O 7. O-O-O Re8 8. Bc4 Na5 9. Bd3 d5 10. Qf4 d4 11. Nce2 Bxd2+ 12. Qxd2 c5 13. c4 Nxe4 14. Qf4 Qf6 15. Qxf6 Nxf6 16. b4 cxb4 17. Nxd4 Be6 18. Nc2 b3 19. axb3 Nxb3+ 20. Kb2 Nc5 21. Nf3 Nxd3+ 22. Rxd3 Bxc4 23. Rc3 Rac8 24. Ne3 Be6 25. Rd3 Ne4 26. Rf1 Nc5 27. Ra3 a6 28. Nd4 Ne4 29. Nxe6 Rxe6 30. Rd3 g6 31. Nd5 Nf6 32. Nc3 Rb6+ 33. Ka3 Re6 34. f3 Kg7 35. g4 h6 36. h4 Rc5 37. Rg1 g5 38. hxg5 hxg5 39. Kb4 Rec6 40. Rgd1 a5+ 41. Kb3 b5 42. Ne2 Kg6 43. Ng3 Rc1 44. R1d2 b4 45. Nf5 R6c3+ 46. Kb2 Rxd3 47. Rh2 Ng8 48. Kxc1 Kf6 49. Ra2 Rd5 50. Kc2 Ne7 51. Ne3 Rc5+ 52. Kd3 Nc6 53. Ke4 Ke6 54. Rd2 b3 55. f4 gxf4 56. Ng2 Rc4+ 0-1

[Event "OLNO 2324 SC Weisse Dame - TSG Oberschö"]
[Site "?"]
[Date "2024.01.14"]
[Round "4.1"]
[White "Rosenthal, Dirk"]
[Black "Gelman, Josef"]
[Result "1/2-1/2"]
[WhiteElo "2389"]
[BlackElo "2070"]
[PlyCount "80"]
[EventDate "2024.??.??"]

1. e4 e5 2. Nf3 Nc6 3. Bb5 a6 4. Ba4 Nf6 5. O-O b5 6. Bb3 Be7 7. Re1 d6 8. h3 O-O 9. c3 Na5 10. Bc2 Re8 11. d4 Nc6 12. Nbd2 Bf8 13. a4 Bb7 14. Qe2 Rb8 15. axb5 axb5 16. Qxb5 Nxd4 17. cxd4 Bxe4 18. Qa4 Ra8 19. Nxe4 Rxa4 20. Bxa4 Qa8 21. Bg5 Nxe4 22. Bxe8 Qxe8 23. Rxe4 f5 24. Ree1 e4 25. Nh2 h6 26. Be3 g5 27. f4 Bg7 28. Rf1 Qb5 29. Rad1 Qxb2 30. fxg5 hxg5 31. Bxg5 Bxd4+ 32. Kh1 e3 33. Bxe3 Bxe3 34. Rxf5 c5 35. Rxd6 c4 36. Rg6+ Kh7 37. Rg4 c3 38. Rf7+ Kh8 39. Rf8+ Kh7 40. Rf7+ Kh8 1/2-1/2

[Event "OLNO 2324 SC Weisse Dame - TSG Oberschö"]
[Site "?"]
[Date "2024.01.14"]
[Round "4.2"]
[White "Waldmann, Hans-Joachim"]
[Black "Schoewel, Matthias"]
[Result "1/2-1/2"]
[WhiteElo "2271"]
[BlackElo "2212"]
[PlyCount "34"]
[EventDate "2024.??.??"]

1. d4 d5 2. c4 e6 3. Nc3 Nf6 4. Bg5 Be7 5. e3 c6 6. Qc2 O-O 7. Rd1 Nbd7 8. Nf3 Re8 9. Bd3 dxc4 10. Bxc4 Nd5 11. Bxe7 Qxe7 12. O-O Nxc3 13. Qxc3 b5 14. Bb3 Bb7 15. e4 c5 16. d5 exd5 17. exd5 Qd6 1/2-1/2

[Event "OLNO 2324 SC Weisse Dame - TSG Oberschö"]
[Site "?"]
[Date "2024.01.14"]
[Round "4.3"]
[White "Raitza, Olaf"]
[Black "Zhou, Lepu Coco"]
[Result "1-0"]
[WhiteElo "2040"]
[BlackElo "1978"]
[PlyCount "73"]
[EventDate "2024.??.??"]

1. e4 e6 2. d4 d5 3. Nd2 Be7 4. e5 c5 5. c3 Nc6 6. Ndf3 Bd7 7. Bd3 Nh6 8. Bxh6 gxh6 9. Ne2 cxd4 10. Nexd4 f6 11. O-O Qb6 12. Nxc6 bxc6 13. exf6 Bxf6 14. Ne5 Bxe5 15. Qh5+ Ke7 16. Qxe5 Rag8 17. Rae1 Qxb2 18. Bf5 Qb8 19. Qd4 Rg5 20. Bh3 Rhg8 21. Qh4 Kf7 22. f4 R5g7 23. f5 e5 24. Qh5+ Kf8 25. Qxh6 Ke8 26. f6 Rf7 27. Bxd7+ Kxd7 28. Qh5 Rg6 29. Qf5+ Kd8 30. Qe6 Qb2 31. g3 Qxc3 32. Qxf7 Rxg3+ 33. Kh1 Rh3 34. Qe7+ Kc8 35. Qe6+ Kd8 36. Qxh3 Qxh3 37. f7 1-0

[Event "OLNO 2324 SC Weisse Dame - TSG Oberschö"]
[Site "?"]
[Date "2024.01.14"]
[Round "4.4"]
[White "Uhl, Heinz"]
[Black "Hommel, Niclas"]
[Result "1-0"]
[WhiteElo "2106"]
[BlackElo "2108"]
[PlyCount "67"]
[EventDate "2024.??.??"]

1. c4 g6 2. Nc3 c5 3. Nf3 Bg7 4. d4 cxd4 5. Nxd4 Nc6 6. Nc2 Nf6 7. e4 O-O 8. Be2 d6 9. O-O a5 10. Be3 a4 11. Na3 Qa5 12. c5 Be6 13. cxd6 Rfd8 14. Nd5 Nxe4 15. Nb6 Nxd6 16. Nxa8 Qxa8 17. Qc1 Rc8 18. Qd2 Ne4 19. Qd3 Bf5 20. Qb5 Nd4 21. Bxd4 Bxd4 22. Bf3 Rc5 23. Qb4 Rd5 24. Nb5 Bc5 25. Qc4 Re5 26. Bxe4 Bxe4 27. Rae1 b6 28. Nc3 Bd5 29. Qxa4 Qxa4 30. Nxa4 Rxe1 31. Rxe1 Bb4 32. Ra1 b5 33. Nc3 Bc6 34. Rd1 1-0

[Event "OLNO 2324 SC Weisse Dame - TSG Oberschö"]
[Site "?"]
[Date "2024.01.14"]
[Round "4.5"]
[White "Boewer, Roland"]
[Black "Kyritz, Michael"]
[Result "1/2-1/2"]
[WhiteElo "2173"]
[BlackElo "2202"]
[PlyCount "44"]
[EventDate "2024.??.??"]

1. e4 c5 2. Nf3 Nc6 3. Be2 d5 4. d3 g6 5. O-O Bg7 6. c3 e5 7. Re1 Nge7 8. Nbd2 O-O 9. a3 a5 10. a4 b6 11. Bf1 h6 12. exd5 Nxd5 13. Nc4 Re8 14. Qc2 f5 15. Bd2 Kh7 16. Rad1 Qc7 17. Bc1 Be6 18. g3 Bf7 19. h4 Nf6 20. Qb3 Nd5 21. Qc2 Nf6 22. Qb3 Nd5 1/2-1/2

[Event "OLNO 2324 SC Weisse Dame - TSG Oberschö"]
[Site "?"]
[Date "2024.01.14"]
[Round "4.6"]
[White "Mahn, Franko"]
[Black "Postler, Reinhard"]
[Result "1-0"]
[WhiteElo "2155"]
[BlackElo "2196"]
[PlyCount "77"]
[EventDate "2024.??.??"]

1. d4 d5 2. c4 e6 3. Nc3 Nf6 4. Bg5 c6 5. cxd5 exd5 6. Qc2 Be7 7. e3 Nbd7 8. Bd3 O-O 9. Nge2 Re8 10. Ng3 Nf8 11. O-O-O a5 12. Nf5 Bxf5 13. Bxf5 N6d7 14. Bf4 Nb6 15. Nb5 cxb5 16. Bc7 Rc8 17. Bxc8 Qxc7 18. Qxc7 Rxc8 19. Qxc8 Nxc8 20. Kb1 Nb6 21. Rc1 Bd6 22. Rhe1 Ne6 23. Rcd1 Kf8 24. f3 Ke7 25. e4 f6 26. g3 a4 27. e5 Bb4 28. exf6+ gxf6 29. Re2 Kd7 30. a3 Ba5 31. f4 Nc4 32. Kc2 b4 33. axb4 Bxb4 34. Kd3 b5 35. Rf1 Bd6 36. Rfe1 Nc7 37. f5 b4 38. g4 b3 39. g5 1-0

[Event "OLNO 2324 SC Weisse Dame - TSG Oberschö"]
[Site "?"]
[Date "2024.01.14"]
[Round "4.8"]
[White "Venske, Kai-Gerrit"]
[Black "Bongardt, Livius"]
[Result "1-0"]
[WhiteElo "2143"]
[BlackElo "1774"]
[PlyCount "165"]
[EventDate "2024.??.??"]

1. d4 Nf6 2. Bg5 Ne4 3. Bf4 c5 4. f3 Nf6 5. d5 d6 6. e4 g6 7. Qd2 Bg7 8. c4 O-O 9. Nc3 Nbd7 10. Nh3 Ne5 11. Nf2 Ne8 12. Be2 Nc7 13. O-O e6 14. Be3 exd5 15. cxd5 Rb8 16. a4 a6 17. f4 Nd7 18. f5 Ne5 19. Ng4 Nxg4 20. Bxg4 Ne8 21. Be2 Be5 22. Bg5 f6 23. Be3 Qe7 24. Bd3 g5 25. Nd1 Kg7 26. Nf2 h5 27. h4 g4 28. Bh6+ Kh7 29. Bxf8 Qxf8 30. Nh1 Qe7 31. g3 Bd4+ 32. Kg2 b6 33. Nf2 Nc7 34. Nd1 a5 35. Nc3 Ba6 36. Rfe1 Be5 37. Qe2 Bxd3 38. Qxd3 Qd7 39. Qd2 Na6 40. Nd1 Nb4 41. Ne3 Kg7 42. Nc2 Na6 43. Ra2 Ra8 44. Ne3 Nb4 45. Ra3 Rb8 46. Kh2 Kh7 47. Re2 Qg7 48. Qc1 Qe7 49. Qc4 Bd4 50. Ng2 Be5 51. Nf4 Qf7 52. Ra1 Rb7 53. Rd1 Kh6 54. Ng6 Qe8 55. Ra1 Bd4 56. Nf4 Be5 57. Nd3 Nxd3 58. Qxd3 Kg7 59. Qa6 Qb8 60. Qb5 Rc7 61. Rc1 Kf7 62. Re3 Ke7 63. Rb3 Rb7 64. Qd3 Kd7 65. Qd2 Qh8 66. Rb5 Kc8 67. Ra1 Kb8 68. Ra3 Ka7 69. Rab3 Qg7 70. Qe1 Qh7 71. Qe2 Qd7 72. Ra3 Qh7 73. Qd2 Qg7 74. Ra2 Qh7 75. Ra1 Qg7 76. Rc1 Rc7 77. Rc4 Qh7 78. Qe3 Qg7 79. b4 axb4 80. a5 bxa5 81. Rxa5+ Kb7 82. Qb3 Qh6 83. Rxb4+ 1-0

[Event "OLNO 2324 Forster SC 95 - SF Berlin II"]
[Site "?"]
[Date "2024.01.14"]
[Round "4.1"]
[White "Florstedt, Johannes"]
[Black "Aliavdin, Nikolai"]
[Result "1-0"]
[WhiteElo "2348"]
[BlackElo "2327"]
[PlyCount "63"]
[EventDate "2024.??.??"]

1. e4 c6 2. d4 d5 3. e5 Bf5 4. h4 Qc8 5. Nc3 h5 6. Bd3 Bxd3 7. Qxd3 Nh6 8. Bxh6 Rxh6 9. Nf3 e6 10. Ne2 Nd7 11. Ng5 Nb6 12. a4 Qd7 13. Nf4 c5 14. a5 Nc8 15. Qf3 cxd4 16. Nxh5 Bb4+ 17. c3 dxc3 18. Nxg7+ Kf8 19. bxc3 Bxc3+ 20. Qxc3 Kxg7 21. Qg3 Kf8 22. Qf4 Kg7 23. Rh3 Ne7 24. Nxf7 Rg6 25. h5 Rxg2 26. Kf1 Nf5 27. Nd6 Nxd6 28. exd6 Kh7 29. Kxg2 Qg7+ 30. Rg3 Qxa1 31. Qf7+ Kh8 32. Rg6 1-0

[Event "OLNO 2324 Forster SC 95 - SF Berlin II"]
[Site "?"]
[Date "2024.01.14"]
[Round "4.2"]
[White "Kleeschaetzky, Rainer"]
[Black "Poltorak, Sebastian"]
[Result "0-1"]
[WhiteElo "2243"]
[BlackElo "2372"]
[PlyCount "52"]
[EventDate "2024.??.??"]

1. e4 c6 2. d4 d5 3. e5 c5 4. Nf3 cxd4 5. Qxd4 Nc6 6. Qf4 e6 7. Nc3 Nb4 8. Bd3 Bd7 9. Bd2 Rc8 10. a3 Nxd3+ 11. cxd3 Nh6 12. g4 Qb6 13. Ke2 Be7 14. Rhc1 O-O 15. h3 f6 16. Qe3 Qa6 17. Nd1 f5 18. g5 f4 19. Qd4 Nf5 20. Qxf4 Qxd3+ 21. Kxd3 Bb5+ 22. Rc4 Rxc4 23. Qxc4 Bxc4+ 24. Kc3 Be2 25. Ne1 Rc8+ 26. Kb3 Nd4+ 0-1

[Event "OLNO 2324 Forster SC 95 - SF Berlin II"]
[Site "?"]
[Date "2024.01.14"]
[Round "4.3"]
[White "Polzin, Rainer"]
[Black "Jagodzinski, Piotr"]
[Result "1-0"]
[WhiteElo "2407"]
[BlackElo "2160"]
[PlyCount "78"]
[EventDate "2024.??.??"]

1. e4 c6 2. d4 d5 3. e5 Bf5 4. Nd2 e6 5. Nb3 Nd7 6. Nf3 Ne7 7. Be2 Qb6 8. O-O h6 9. a4 a6 10. Bd2 Bh7 11. a5 Qc7 12. Rc1 g5 13. c4 dxc4 14. Bxc4 Nd5 15. Qe2 Be7 16. Ne1 O-O 17. Nd3 f6 18. Bxd5 exd5 19. e6 Nb8 20. f4 f5 21. Bb4 c5 22. Nbxc5 Nc6 23. Nd7 Rfe8 24. Bxe7 Rxe7 25. Nf6+ Kg7 26. Nxd5 Qd6 27. Nxe7 Qxd4+ 28. Kh1 Nxe7 29. Rc7 Re8 30. Qe5+ Qxe5 31. Nxe5 gxf4 32. Rxb7 Kf6 33. Re1 Bg8 34. Nd7+ Kg5 35. Rb8 Nc8 36. Nc5 f3 37. gxf3 Kf4 38. Kg2 Rd8 39. Re2 Re8 1-0

[Event "OLNO 2324 Forster SC 95 - SF Berlin II"]
[Site "?"]
[Date "2024.01.14"]
[Round "4.4"]
[White "Bielinski, Dariusz"]
[Black "Thiede, Lars"]
[Result "1/2-1/2"]
[WhiteElo "2142"]
[BlackElo "2399"]
[PlyCount "116"]
[EventDate "2024.??.??"]

1. d4 Nf6 2. c4 g6 3. Nc3 Bg7 4. e4 d6 5. Nf3 O-O 6. Be2 Na6 7. O-O e5 8. d5 Nc5 9. Qc2 a5 10. Bg5 h6 11. Be3 b6 12. Nd2 Bg4 13. Qd1 Bxe2 14. Qxe2 Ne8 15. b3 f5 16. f3 f4 17. Bf2 Rf7 18. a3 Bf8 19. b4 Nb7 20. Nb3 g5 21. c5 dxc5 22. bxc5 a4 23. c6 Nbd6 24. Nd2 Ra5 25. Rfb1 h5 26. h3 Rg7 27. Kf1 g4 28. hxg4 hxg4 29. Qd3 g3 30. Bg1 Rh7 31. Ke2 Rh1 32. Ra2 Qh4 33. Rab2 Ra8 34. Rb4 Rxg1 35. Rxg1 Qh2 36. Qb1 Nf7 37. Rxa4 Rxa4 38. Nxa4 b5 39. Qf1 Qh6 40. Nc3 Qd6 41. Qa1 Qc5 42. Kd3 b4 43. axb4 Qd4+ 44. Kc2 Bxb4 45. Rb1 Ned6 46. Rb3 Kg7 47. Qa6 Qc5 48. Qe2 Ba5 49. Qa6 Ng5 50. Qe2 Qg1 51. Rb1 Qd4 52. Qd3 Qc5 53. Nb3 Qf2+ 54. Qe2 Qb6 55. Nxa5 Qxa5 56. Rb8 Ngf7 57. Kb3 Qa7 58. Rb4 Qa5 1/2-1/2

[Event "OLNO 2324 Forster SC 95 - SF Berlin II"]
[Site "?"]
[Date "2024.01.14"]
[Round "4.5"]
[White "Chatzidakis, Mihail"]
[Black "Pryvalov, Ivan"]
[Result "1-0"]
[WhiteElo "2327"]
[BlackElo "2082"]
[PlyCount "107"]
[EventDate "2024.??.??"]

1. e4 c5 2. Nf3 Nc6 3. Bb5 e6 4. c3 Nf6 5. Qe2 d5 6. Ne5 Bd7 7. Bxc6 Bxc6 8. Nxc6 bxc6 9. e5 Nd7 10. d3 Qc7 11. f4 Be7 12. O-O h5 13. Nd2 g6 14. Nf3 a5 15. Be3 a4 16. c4 Qa5 17. Rac1 Rb8 18. Rc2 Rb7 19. Rfc1 d4 20. Bf2 Qc7 21. Qe1 Qb8 22. Rb1 Qd8 23. Bh4 Bxh4 24. Nxh4 g5 25. Nf3 gxf4 26. Qe4 Qc7 27. Re1 Nf8 28. Ng5 Rg8 29. Nh7 Nxh7 30. Qxh7 Rg5 31. Qh8+ Kd7 32. Qf8 Rf5 33. Qxc5 Ke8 34. Qxd4 c5 35. Qe4 Rb8 36. Rf2 Qb7 37. Qxb7 Rxb7 38. Re4 Ke7 39. Kf1 Rb8 40. Rc2 f6 41. exf6+ Kxf6 42. d4 cxd4 43. Rxd4 e5 44. Rd6+ Ke7 45. Ra6 f3 46. gxf3 Rxf3+ 47. Ke1 Re3+ 48. Kd2 Rf3 49. Ke1 Re3+ 50. Kf2 Rh3 51. Kg2 Re3 52. Rxa4 e4 53. Ra3 Rxb2 54. Ra7+ 1-0

[Event "OLNO 2324 Forster SC 95 - SF Berlin II"]
[Site "?"]
[Date "2024.01.14"]
[Round "4.6"]
[White "Dabrowski, Grzegorz"]
[Black "Nogly, Christoph"]
[Result "0-1"]
[WhiteElo "2093"]
[BlackElo "2223"]
[PlyCount "110"]
[EventDate "2024.??.??"]

1. e4 e5 2. Nf3 Nc6 3. d4 exd4 4. Nxd4 Nf6 5. Nc3 Bc5 6. Nb3 Bb4 7. Bd3 d5 8. exd5 Nxd5 9. O-O Nxc3 10. Qe1+ Be6 11. bxc3 Be7 12. Qe4 Qd5 13. Nd4 Qxe4 14. Bxe4 Nxd4 15. cxd4 O-O-O 16. c3 g6 17. Re1 Bf6 18. Rb1 b6 19. Be3 a5 20. Rb2 Bc4 21. Bc6 Rd6 22. Bb5 Bxb5 23. Rxb5 Re8 24. Rbb1 Kd7 25. Kf1 Rc6 26. Bd2 Rxe1+ 27. Kxe1 Rc4 28. Ke2 Ra4 29. Rb2 Bd8 30. Be3 c6 31. Kd3 b5 32. h3 Ra3 33. Bc1 Bf6 34. f3 Ra4 35. Bd2 Kd6 36. Ke4 Bg7 37. g4 Rc4 38. Kd3 Kd5 39. Be3 Ra4 40. Bd2 Rc4 41. Rb3 Bf8 42. Rb1 Ra4 43. Rb2 Ra3 44. Rc2 b4 45. Ke2 bxc3 46. Bxc3 Bg7 47. Ba1 Bxd4 48. Bxd4 Kxd4 49. Rxc6 Rxa2+ 50. Kf1 a4 51. Rf6 a3 52. Rxf7 Rb2 53. Rxh7 a2 54. Ra7 Ke3 55. Ra3+ Kf4 0-1

[Event "OLNO 2324 Forster SC 95 - SF Berlin II"]
[Site "?"]
[Date "2024.01.14"]
[Round "4.7"]
[White "Wendt, Jan-Dietrich"]
[Black "Stahr, Ralf-Peter"]
[Result "0-1"]
[WhiteElo "2278"]
[BlackElo "2058"]
[PlyCount "134"]
[EventDate "2024.??.??"]

1. Nf3 c5 2. c4 Nc6 3. Nc3 g6 4. e3 Nf6 5. d4 cxd4 6. exd4 d5 7. cxd5 Nxd5 8. Qb3 e6 9. Bb5 Bg7 10. Bg5 Qd6 11. Ne4 Qc7 12. Qa3 Bf8 13. Qa4 Bb4+ 14. Bd2 Bxd2+ 15. Nfxd2 Bd7 16. Nc5 Nb6 17. Qd1 Nxd4 18. Nxd7 Nxd7 19. Bxd7+ Qxd7 20. Ne4 O-O-O 21. O-O Kb8 22. Qd3 e5 23. Rac1 Rc8 24. Kh1 f5 25. Nc5 Qd5 26. Nb3 Rhd8 27. Rxc8+ Rxc8 28. Rd1 Qc4 29. Qe3 Nxb3 30. Qxe5+ Qc7 31. Qxc7+ Rxc7 32. axb3 Rc2 33. h4 Kc7 34. f3 Rxb2 35. Rd3 b5 36. Kh2 a5 37. h5 Kc6 38. h6 a4 39. bxa4 bxa4 40. Rd8 a3 41. Ra8 a2 42. Kh3 Kd6 43. g3 Ke5 44. Ra4 Kf6 45. f4 Rf2 46. Ra6+ Ke7 47. Ra7+ Kd6 48. Kh4 Rh2+ 49. Kg5 Rh5+ 50. Kf6 Rxh6 51. Rxa2 Rh3 52. Rd2+ Kc5 53. Rd7 Rxg3 54. Rxh7 Kd4 55. Re7 Re3 56. Ra7 Rg3 57. Re7 Rg4 58. Re8 Rxf4 59. Kxg6 Re4 60. Rf8 f4 61. Kg5 Ke3 62. Kg4 Re7 63. Rf6 Rg7+ 64. Kh3 f3 65. Kh2 Kf2 66. Kh3 Rh7+ 67. Kg4 Kg2 0-1

[Event "OLNO 2324 Forster SC 95 - SF Berlin II"]
[Site "?"]
[Date "2024.01.14"]
[Round "4.8"]
[White "Szylko, Waldemar"]
[Black "Weber, Daniel"]
[Result "1-0"]
[WhiteElo "1912"]
[BlackElo "2144"]
[PlyCount "45"]
[EventDate "2024.??.??"]

1. e4 e6 2. Nc3 d5 3. d3 c5 4. g3 Nc6 5. Bg2 Nf6 6. Bg5 d4 7. Nce2 e5 8. Bd2 Bd6 9. f4 b5 10. Nf3 Qb6 11. O-O a5 12. h3 h5 13. fxe5 Nxe5 14. Nxe5 Bxe5 15. Bf4 Qd6 16. Qd2 Bb7 17. Bxe5 Qxe5 18. Rf3 Qe7 19. Qg5 Nd7 20. Qxg7 O-O-O 21. Raf1 Rdg8 22. Qxf7 Qd6 23. e5 1-0

[Event "OLNO 2324 SC Kreuzberg - Mattnetz Berlin"]
[Site "?"]
[Date "2024.01.14"]
[Round "4.1"]
[White "Hesse, Henrik"]
[Black "Dubessay, Bastien"]
[Result "0-1"]
[WhiteElo "2329"]
[BlackElo "2249"]
[PlyCount "88"]
[EventDate "2024.??.??"]

1. c4 e6 2. g3 d5 3. Bg2 d4 4. Nf3 Nc6 5. O-O Nh6 6. e4 f6 7. e5 f5 8. d3 Nf7 9. Re1 g5 10. h3 Bg7 11. b4 O-O 12. Qb3 a5 13. bxa5 g4 14. hxg4 fxg4 15. Nh2 Nfxe5 16. Nd2 Nxa5 17. Qb1 Nac6 18. Ne4 Nf3+ 19. Bxf3 gxf3 20. Ng5 Ra5 21. Ngxf3 Raf5 22. Ba3 Rxf3 23. Bxf8 Rxf8 24. Qd1 Ne5 25. Re4 Bd7 26. f4 Ng6 27. Qh5 e5 28. fxe5 Bf5 29. Ree1 Nxe5 30. Rf1 Bxd3 31. Rxf8+ Qxf8 32. Re1 Bg6 33. Qh3 Nf3+ 34. Nxf3 Qxf3 35. Qe6+ Bf7 36. Qc8+ Bf8 37. Qxc7 d3 38. Rf1 Qh5 39. Qd8 Qc5+ 40. Kh2 Qxc4 41. Rf2 Qd5 42. Qh4 Qh5 43. Qxh5 Bxh5 44. Rb2 Bf3 0-1